000 00374nam a2200157Ia 4500
001 17660
003 Ost
005 20260507155609.0
008 251113s9999||||xx |||||||||||||| ||eng||
040 _cnitttr
041 _aeng
082 _a620.106
_bE19
100 _aCheremisinoff, N .P.
245 0 _aEncyclopedia of fluid mechanics. /
_cCheremisinoff, N .P.
942 _cBK
999 _c17510
_d17510